000 00737nam a2200229Ii 4500
003 JO-AjNU
008 230605s9999||||xx |||||||||||||| ||und||
017 _a2000/18756
020 _a977-293-113-3
040 _aJO-AjNU
_bara
_erda
_cJO-AjNU
041 _aara
050 1 4 _aHB849.415.S4338.2001
100 3 _aشحاتة،حسن احمد,
_eauthor
_97372
245 0 0 _aالبيئة والمشكلة السكانية
250 _aط1
264 3 1 _aالقاهرة:مكتبة الدار العربية للكتاب،2001
300 _a213ص
336 _atext
_btxt
_2rdacontent
337 _aunmediated
_bn
_2rdamedia
338 _avolume
_bnc
_2rdacarrier
650 4 _aتلوث-الانسان تاثيرة على البيئة
_97373
999 _aA246
_c3814
_d3814